000 00293nam a2200109Ia 4500
008 200302s9999 xx 000 0 und d
100 _aVictor Gruen
245 _aThe Heart of Our Cities The Urban Crisis ; Diagnosis and Cure
260 _bSimon and Schuster
260 _c1964
300 _a368 P.,
999 _c5617
_d5617